<?xml version="1.0" encoding="UTF-8"?>
<record
    xmlns:xsi="http://www.w3.org/2001/XMLSchema-instance"
    xsi:schemaLocation="http://www.loc.gov/MARC21/slim http://www.loc.gov/standards/marcxml/schema/MARC21slim.xsd"
    xmlns="http://www.loc.gov/MARC21/slim">

  <leader>01489nam a22002057a 4500</leader>
  <controlfield tag="005">20220322153746.0</controlfield>
  <controlfield tag="008">190815b        xxu||||| |||| 00| 0 eng d</controlfield>
  <datafield tag="020" ind1=" " ind2=" ">
    <subfield code="a">9780205925841</subfield>
  </datafield>
  <datafield tag="040" ind1=" " ind2=" ">
    <subfield code="c">LC</subfield>
  </datafield>
  <datafield tag="050" ind1=" " ind2=" ">
    <subfield code="a">T11.L36</subfield>
  </datafield>
  <datafield tag="245" ind1=" " ind2=" ">
    <subfield code="a">Technical communication. /</subfield>
    <subfield code="c">John M. Lannon, Don Klepp and Laura J. Gurak</subfield>
  </datafield>
  <datafield tag="250" ind1=" " ind2=" ">
    <subfield code="a">6th (Canadian) ed.</subfield>
  </datafield>
  <datafield tag="260" ind1=" " ind2=" ">
    <subfield code="a">Toronto:</subfield>
    <subfield code="b">Pearson,</subfield>
    <subfield code="c">2012.</subfield>
  </datafield>
  <datafield tag="300" ind1=" " ind2=" ">
    <subfield code="a">xvi, 582 p. :</subfield>
  </datafield>
  <datafield tag="500" ind1=" " ind2=" ">
    <subfield code="a">Includes index and bibliographical references.</subfield>
  </datafield>
  <datafield tag="505" ind1=" " ind2=" ">
    <subfield code="a">Part I: Communicating in the workplace: Introduction to technical communication -- Preparing to write -- Writing efficiently -- Collaborating at work -- Writing persuasively -- Writing ethically -- Part II: Information gathering, analysis and manipulation: Gathering information -- Recording and reviewing research findings -- Documenting research findings -- Summarizing information -- Part III: Structural, style and format elements: Organizing for readers -- Designing visuals -- Designing pages and documents -- Part IV: Descriptive writing: Definitions -- Descriptions and specifications -- Process analyses, instructions and procedures -- Manual and usability testing -- Part V: Applications: Proposals -- Formal analytical reports -- Adding document supplements -- Short reports -- Workplace correspondence: letters, memos and emails -- Job-search communications -- Oral presentations -- Using electronic media -- </subfield>
  </datafield>
  <datafield tag="700" ind1=" " ind2=" ">
    <subfield code="q">Klepp, Don</subfield>
  </datafield>
  <datafield tag="700" ind1=" " ind2=" ">
    <subfield code="q">Gurak, Laura J.</subfield>
  </datafield>
  <datafield tag="942" ind1=" " ind2=" ">
    <subfield code="2">lcc</subfield>
    <subfield code="c">BK</subfield>
  </datafield>
  <datafield tag="999" ind1=" " ind2=" ">
    <subfield code="c">7556</subfield>
    <subfield code="d">15056</subfield>
  </datafield>
  <datafield tag="952" ind1=" " ind2=" ">
    <subfield code="0">0</subfield>
    <subfield code="1">0</subfield>
    <subfield code="2">lcc</subfield>
    <subfield code="4">0</subfield>
    <subfield code="7">0</subfield>
    <subfield code="a">WIUC-KL</subfield>
    <subfield code="b">WIUC-KL</subfield>
    <subfield code="c">GEN</subfield>
    <subfield code="d">2021-04-19</subfield>
    <subfield code="l">0</subfield>
    <subfield code="o">T11.L36</subfield>
    <subfield code="p">K/2859/0011/20</subfield>
    <subfield code="r">2021-04-19 00:00:00</subfield>
    <subfield code="w">2021-04-19</subfield>
    <subfield code="y">BK</subfield>
  </datafield>
</record>
